The Jewish war / (Record no. 24582)
[ view plain ]
| 000 -LEADER | |
|---|---|
| fixed length control field | 00863cam a2200265 a 4500 |
| 001 - CONTROL NUMBER | |
| control field | 24582 |
| 003 - CONTROL NUMBER IDENTIFIER | |
| rucl marc code | BD-RjUL |
| 005 - DATE AND TIME OF LATEST TRANSACTION | |
| control field | 20211209001054.0 |
| 008 - FIXED-LENGTH DATA ELEMENTS--GENERAL INFORMATION | |
| fixed length control field | 140313r19671959enk b 001 0 eng d |
| 035 ## - SYSTEM CONTROL NUMBER | |
| System control number | (BD-RjUL)24651 |
| 040 ## - CATALOGING SOURCE | |
| Original cataloging agency | OCP |
| Transcribing agency | OCP |
| Modifying agency | m/c |
| -- | TEU |
| -- | EQO |
| -- | BD-RjUL |
| Language of cataloging | eng |
| 041 1# - LANGUAGE CODE | |
| Language code of text/sound track or separate title | eng |
| Language code of original | grc |
| 082 04 - DEWEY DECIMAL CLASSIFICATION NUMBER | |
| Classification number | 939.45 |
| Author mark and year | JOJ 1967 |
| 100 1# - MAIN ENTRY--PERSONAL NAME | |
| Personal name | Josephus, Flavius. |
| 9 (RLIN) | 75654 |
| 245 14 - TITLE STATEMENT | |
| Title | The Jewish war / |
| Statement of responsibility, etc. | Josephus ; translated with an introduction by G. A. Williamson. |
| 260 ## - PUBLICATION, DISTRIBUTION, ETC. (IMPRINT) | |
| Place of publication, distribution, etc. | Harmondsworth : |
| Name of publisher, distributor, etc. | Penguin, |
| Date of publication, distribution, etc. | 1959 [reprinted 1967]. |
| 300 ## - PHYSICAL DESCRIPTION | |
| Pagination | 413 p. : |
| Illustrations | maps, geneal. table ; |
| Size | 18 cm. |
| 504 ## - BIBLIOGRAPHY, ETC. NOTE | |
| Bibliography, etc | includes index. |
| 650 #0 - SUBJECT ADDED ENTRY--TOPICAL TERM | |
| Topical term or geographic name as entry element | Jews |
| General subdivision | History |
| Chronological subdivision | 586 B.C.-70 A.D. |
| 9 (RLIN) | 74843 |
| 700 1# - ADDED ENTRY--PERSONAL NAME | |
| Personal name | Williamson, G. A. |
| Fuller form of name | (Geoffrey Arthur), |
| Dates associated with a name | 1895- |
| 830 #0 - SERIES ADDED ENTRY--UNIFORM TITLE | |
| Volume number/sequential designation | L90. |
| 830 #0 - SERIES ADDED ENTRY--UNIFORM TITLE | |
| Uniform title | Penguin classics ; |
| 942 ## - ADDED ENTRY ELEMENTS (KOHA) | |
| Source of classification or shelving scheme | Dewey Decimal Classification |
| Koha item type | Books |
| Lost status | Source of classification or shelving scheme | Damaged status | Not for loan | Collection code | Permanent Location | Current Location | Shelving location | Date acquired | Source of acquisition | Total Checkouts | Full call number | Date last seen | Copy number | Koha item type |
|---|---|---|---|---|---|---|---|---|---|---|---|---|---|---|
| Dewey Decimal Classification | Added to bundle | Non-fiction | Central Library, University of Rajshahi | Central Library, University of Rajshahi | Reading Room | 01/11/1990 | shaukat osman | 939.45 JOJ 1967 | 13/03/2014 | C-1 | Books |